|
|
|
|
| LEADER |
02307nam a2200505 i 4500 |
| 001 |
EBC1372251 |
| 003 |
MiAaPQ |
| 005 |
20200520144314.0 |
| 006 |
m o d | |
| 007 |
cr cnu|||||||| |
| 008 |
130227t20132013nju ob 001 0 eng|d |
| 020 |
|
|
|z 9781118317112 (cloth)
|
| 020 |
|
|
|a 9781118419984
|q (electronic bk.)
|
| 035 |
|
|
|a (MiAaPQ)EBC1372251
|
| 035 |
|
|
|a (Au-PeEL)EBL1372251
|
| 035 |
|
|
|a (CaPaEBR)ebr10756555
|
| 035 |
|
|
|a (CaONFJC)MIL516120
|
| 035 |
|
|
|a (OCoLC)876507693
|
| 040 |
|
|
|a MiAaPQ
|b eng
|e rda
|e pn
|c MiAaPQ
|d MiAaPQ
|
| 043 |
|
|
|a n-us---
|
| 050 |
|
4 |
|a KF1388
|b .S257 2013
|
| 082 |
0 |
|
|a 343.7306/6
|2 23
|
| 100 |
1 |
|
|a Sanders, Michael I.
|
| 245 |
1 |
0 |
|a Joint ventures involving tax-exempt organizations /
|c Michael I. Sanders.
|
| 250 |
|
|
|a Fourth edition.
|
| 264 |
|
1 |
|a Hoboken, New Jersey :
|b John Wiley & Sons, Inc.,
|c [2013]
|
| 264 |
|
4 |
|c 2013
|
| 300 |
|
|
|a 1 online resource (1468 pages).
|
| 336 |
|
|
|a text
|2 rdacontent
|
| 337 |
|
|
|a computer
|2 rdamedia
|
| 338 |
|
|
|a online resource
|2 rdacarrier
|
| 490 |
1 |
|
|a Wiley nonprofit authority
|
| 504 |
|
|
|a Includes bibliographical references and index.
|
| 505 |
0 |
|
|a Introduction : joint ventures involving exempt organizations -- Taxation of charitable organizations -- Taxation of partnerships and joint ventures -- Overview: joint ventures involving exempt organizations.
|
| 588 |
|
|
|a Description based on print version record.
|
| 590 |
|
|
|a Electronic reproduction. Ann Arbor, MI : ProQuest, 2015. Available via World Wide Web. Access may be limited to ProQuest affiliated libraries.
|
| 650 |
|
0 |
|a Nonprofit organizations
|x Law and legislation
|z United States.
|
| 650 |
|
0 |
|a Joint ventures
|x Law and legislation
|z United States.
|
| 650 |
|
0 |
|a Partnership
|z United States.
|
| 650 |
|
0 |
|a Nonprofit organizations
|x Taxation
|x Law and legislation
|z United States.
|
| 655 |
|
4 |
|a Electronic books.
|
| 776 |
0 |
8 |
|i Print version:
|a Sanders, Michael I.
|t Joint ventures involving tax-exempt organizations.
|d Hoboken, New Jersey : John Wiley & Sons, Inc., [2013]
|h xxxi, 1434 pages
|k Wiley nonprofit authority
|z 9781118317112
|w (DLC) 2013008462
|
| 797 |
2 |
|
|a ProQuest (Firm)
|
| 830 |
|
0 |
|a Wiley nonprofit authority series.
|
| 856 |
4 |
0 |
|u https://ebookcentral.proquest.com/lib/matrademy/detail.action?docID=1372251
|z Click to View
|